000 00491nam a2200217Ia 4500
003 OSt
005 20221007082340.0
006 a|||||r|||| 00| 0
007 ta
008 221006b |||||||| |||| 00| 0 eng d
024 _a20,953
037 _cTextual
040 _aFLL
_cFLL
_beng
041 _2eng
_aeng
082 _aZQ7
100 _aSchacht J.
_9688147
245 0 _aIslamic law
260 _c1990
942 _hZQ7
_cTEXL
_2CC
999 _c1166149
_d1166149